Ekonomické a sociálne dopady nezamestnanosti vo vybranom kraji Slovenska bakalárska práca

Guardado en:
Detalles Bibliográficos
Autor principal: Mihoková, Mária
Autor Corporativo: Národohospodárska fakulta EU. Katedra hospodárskej politiky
Otros Autores: Kopkáš, Peter
Formato: Libro
Lenguaje:eslovaco
Publicado: Bratislava 2018
Etiquetas: Agregar Etiqueta
Sin Etiquetas, Sea el primero en etiquetar este registro!

MARC

LEADER 00000nbm a2200000 4500
001 0245880
005 20181214091437.5
041 0 |a slo 
044 |a SK 
245 1 0 |a Ekonomické a sociálne dopady nezamestnanosti vo vybranom kraji Slovenska  |b bakalárska práca  |c Mária Mihoková ; školiteľ: Peter Kopkáš 
264 1 |a Bratislava  |c 2018 
300 |a 41 s. 
100 1 |a Mihoková, Mária 
700 1 |a Kopkáš, Peter 
710 2 |a Národohospodárska fakulta EU. Katedra hospodárskej politiky